| 000 | 00973nam a22002895i 4500 | ||
|---|---|---|---|
| 999 |
_c27937 _d27908 |
||
| 003 | EG-ScBUE | ||
| 005 | 20191221151706.0 | ||
| 008 | 191221s2018 ii f b 001 0 eng d | ||
| 020 | _a9788131102671 | ||
| 040 |
_aEG-ScBUE _beng _erda _cEG-ScBUE _dEG-ScBUE |
||
| 082 | 0 | 4 |
_a410 _bJOH _222 |
| 100 | 1 |
_aJohn, Patrick, _eauthor. |
|
| 245 | 1 | 0 |
_aProblems in language and linguistics / _cPatrick John, David Christopher. |
| 264 | 1 |
_aDarya Ganj, New Delhi : _bCommonwealth publishers, _c2018. |
|
| 264 | 2 |
_aDarya Ganj, New Delhi : _bArjun Publishing Hpuse |
|
| 300 |
_a278 pages ; _c24 cm |
||
| 336 |
_atext _btxt _2rdacontent |
||
| 337 |
_aunmediated _bn _2rdamedia |
||
| 338 |
_avolume _bnc _2rdacarrier |
||
| 504 | _aIncludes bibliographical references and index. | ||
| 650 | 7 |
_aLinguistics. _2BUEsh |
|
| 650 | 7 |
_aLanguage and languages. _2BUEsh |
|
| 653 |
_bHHUUEENN _cDecember2019 |
||
| 655 | _vReading book | ||
| 700 | 1 |
_aChristopher, David, _eauthor. |
|
| 942 |
_2ddc _cBB |
||